| 000 | 01930cam a2200445 a 4500 | ||
|---|---|---|---|
| 001 | 15682577 | ||
| 003 | OSt | ||
| 005 | 20150408113918.0 | ||
| 008 | 090401s2009 enka b 001 0 eng | ||
| 010 | _a 2009012879 | ||
| 015 |
_a014-86549 _2bnb |
||
| 015 |
_aGBA-90155 _2bnb |
||
| 015 |
_aGBA901551 _2bnb |
||
| 015 |
_aGBA901551 _2dnb |
||
| 016 | 7 |
_a014865492 _2Uk |
|
| 020 | _a9780230551398 (hc : alk. paper) | ||
| 020 | _a0230551394 (hc : alk. paper) | ||
| 020 | _a9780230551404 (pbk. : alk. paper) | ||
| 020 | _a0230551408 (pbk. : alk. paper) | ||
| 035 | _a(OCoLC)ocn318191097 | ||
| 040 |
_aDLC _beng _cDLC _dBWKUK _dYDXCP _dBWX _dBWK _dCDX _dGBVCP _dHEBIS _dUKM _dBTCTA _dDEBBG _dOCL _dDLC |
||
| 042 | _apcc | ||
| 050 | 0 | 0 |
_aPE1074.5 _b.A43 2009 |
| 082 | 0 | 0 |
_a428 _221 _bA W E |
| 084 |
_aHF 450 _2rvk |
||
| 100 | 1 |
_aAnderson, Wendy, _d1975- _94027 |
|
| 245 | 1 | 0 |
_aExploring English with online corpora : _ban introduction / _cWendy Anderson and John Corbett. |
| 260 |
_aBasingstoke [England] ; _aNew York : _bPalgrave Macmillan, _c2009. |
||
| 300 |
_axiii, 205 p. : _bill. ; _c25 cm. |
||
| 504 | _aIncludes bibliographical references (p. 188-192) and index. | ||
| 650 | 0 |
_aEnglish language _xDiscourse analysis _xData processing. _94028 |
|
| 650 | 0 |
_aEnglish language _xResearch _xData processing. _94029 |
|
| 650 | 0 |
_aComputational linguistics. _93419 |
|
| 700 | 1 |
_aCorbett, John, _d1959- _94030 |
|
| 856 | 4 |
_uhttp://bvbr.bib-bvb.de:8991/F?func=service&doc_library=BVB01&doc_number=017177030&line_number=0001&func_code=DB_RECORDS&service_type=MEDIA _zKlappentext |
|
| 856 | 4 | 1 |
_3Table of contents _uhttp://bvbr.bib-bvb.de:8991/F?func=service&doc_library=BVB01&doc_number=017177030&line_number=0002&func_code=DB_RECORDS&service_type=MEDIA |
| 906 |
_a7 _bcbc _corignew _d1 _eecip _f20 _gy-gencatlg |
||
| 942 |
_2ddc _cDVD |
||
| 999 |
_c14258 _d248758 |
||